| 000 | 00627cam a22002292 4500 | ||
|---|---|---|---|
| 001 | 74887 | ||
| 003 | BD-RjUL | ||
| 005 | 20211209082622.0 | ||
| 008 | 691202s1985 ii af b 001 0 eng | ||
| 035 | _a(BD-RjUL)75105 | ||
| 040 |
_aDLC _cDLC _dUKM _dEQO _beng |
||
| 041 | _aeng | ||
| 082 |
_a580 _223 _bDWE 1985 |
||
| 245 | 1 | 0 | _aEssentials of plant technique / |
| 260 |
_aIndia : _bScintific pub, _c1985. |
||
| 300 |
_a176 p. : _bplates, illus ; _c22 cm. |
||
| 504 | _aIncludes bibliography | ||
| 650 | 0 |
_aBotanical laboratories. _9226099 |
|
| 700 | 1 |
_a. _qSing, R.B. _9227087 |
|
| 942 |
_2ddc _cBK |
||
| 999 |
_c74887 _d74887 |
||